The winter's tale (Record no. 566)

MARC details
000 -LEADER
fixed length control field 00541 a2200169 4500
001 - CONTROL NUMBER
control field 066521
003 - CONTROL NUMBER IDENTIFIER
control field OSt
005 - DATE AND TIME OF LATEST TRANSACTION
control field 20210930163407.0
008 - FIXED-LENGTH DATA ELEMENTS--GENERAL INFORMATION
fixed length control field
082 ## - DEWEY DECIMAL CLASSIFICATION NUMBER
Classification number 822.33
Item number S15W
100 1# - MAIN ENTRY--PERSONAL NAME
Personal name Shakespeare, William
245 1# - TITLE STATEMENT
Title The winter's tale
Statement of responsibility, etc by William Shakespeare
260 ## - PUBLICATION, DISTRIBUTION, ETC. (IMPRINT)
Place of publication, distribution, etc London
Name of publisher, distributor, etc Wordsworth
Date of publication, distribution, etc 2005
300 ## - PHYSICAL DESCRIPTION
Extent 151p.
690 ## - LOCAL SUBJECT ADDED ENTRY--TOPICAL TERM (OCLC, RLIN)
Topical term or geographic name as entry element Kings and rulers; Italy--Sicily; Fathers and daughters; Castaways; Married people; Winter's tale (Shakespeare, William); Adultery; Reconciliation
942 ## - ADDED ENTRY ELEMENTS (KOHA)
Source of classification or shelving scheme Dewey Decimal Classification
Koha item type Books
Holdings
Withdrawn status Lost status Source of classification or shelving scheme Damaged status Not for loan Collection code Home library Current library Date acquired Source of acquisition Cost, normal purchase price Full call number Barcode Date last seen Price effective from Koha item type
    Dewey Decimal Classification     General Text Book Central University Of Rajasthan Central University Of Rajasthan 07/03/2012 ENG 105.00 822.33 S15W 807 02/09/2020 02/09/2020 Books